Regresná a korelačná analýza

Bibliographic Details
Main Author: Bakytová, Hedviga, 1932- (Author)
Format: Book
Language:Slovak
Published: Bratislava Vysoká škola ekonomická 1981
Edition:1. vyd.
Series:Vysokoškolské skriptá
Subjects:

MARC

LEADER 00000cam a2200000 a 4500
001 vtls001103502
003 SK-MaSNL
005 20260301001316.0
008 250313s1981 xo a e 000 0 slo
015 |a SNBA1981 
035 |a SNK000046344 
035 |a urn:nbn:sk:snk-aml5ie 
035 |a urn:nbn:sk:snk-am008vhn 
035 |a C5554586-228F-4AF0-A00A-53C15BB18A01 
040 |a SNK  |b slo  |c SNK  |e AACR2 
041 0 |a slo 
044 |a xo  |c SK 
080 |a 519.233.5(075.8)  |2 1981 
100 1 |a Bakytová, Hedviga,  |d 1932-  |4 aut  |9 36884 
245 1 0 |a Regresná a korelačná analýza  |c Hedviga Bakytová 
250 |a 1. vyd. 
260 |a Bratislava  |b Vysoká škola ekonomická  |c 1981 
300 |a 201 s.  |b grafy, sch., tab.  |c 29 cm 
366 |e 300 výt. 
490 1 |a Vysokoškolské skriptá 
650 0 7 |a regresná analýza  |2 SNKPH  |9 73636 
650 0 7 |a korelačná analýza  |2 SNKPH  |9 49914 
655 7 |a učebnice vysokých škôl  |2 SNKPH  |9 70191 
810 2 |a Vysoká škola ekonomická v Bratislave  |t Vysokoškolské skriptá  |9 222320 
830 0 |a Vysokoškolské skriptá  |9 276440 
852 |a Slovenská národná knižnica 
958 |a OND 
958 |a RM 
958 |a UV 
999 |c 534621  |d 536551 
952 |a SNK  |b SNK  |y PREZ  |7 0  |p 17A0992311  |o snkSB 32574  |i snkKSP 9358/81  |0 0  |1 0  |4 0  |d 2012-07-19  |f 1  |l 0  |r 2025-04-07 00:00:00  |w 2026-02-23 
952 |t P60, <04>, [BOOK], {604}  |a SNK  |b SNK  |y VYP  |7 0  |p 17A0017891  |o snkSB 32574 D1  |i snkKSP 9359/81  |0 0  |1 0  |4 0  |d 1996-11-06  |l 0  |r 2004-12-31 00:00:00  |w 2026-02-23